[Event "EYTCC-G"]
[Site "?"]
[Date "2017.08.19"]
[Round "3.6"]
[White "Hrescak, Ivana"]
[Black "Kubicka, Anna"]
[Result "0-1"]
[BlackElo "2226"]
[WhiteElo "2022"]
[LiveChessVersion "1.4.6"]

1. d4 {[%clk 1:30:57]} Nf6 {[%clk 1:30:53]} 2. c4 {[%clk 1:31:23]} c5
{[%clk 1:31:05]} 3. d5 {[%clk 1:31:37]} e6 {[%clk 1:31:15]} 4. Nc3
{[%clk 1:31:46]} exd5 {[%clk 1:31:37]} 5. cxd5 {[%clk 1:32:06]} d6
{[%clk 1:32:01]} 6. g3 {[%clk 1:26:23]} g6 {[%clk 1:31:00]} 7. Bg2
{[%clk 1:26:16]} Bg7 {[%clk 1:31:13]} 8. Nf3 {[%clk 1:25:41]} O-O
{[%clk 1:30:50]} 9. O-O {[%clk 1:25:41]} Re8 {[%clk 1:29:59]} 10. Nd2
{[%clk 1:23:26]} a6 {[%clk 1:27:21]} 11. a4 {[%clk 1:22:50]} Nbd7
{[%clk 1:26:04]} 12. Qc2 {[%clk 1:12:45]} b6 {[%clk 1:13:53]} 13. e4
{[%clk 1:05:10]} Rb8 {[%clk 1:08:35]} 14. Nb3 {[%clk 0:58:55]} Qc7
{[%clk 1:03:24]} 15. Ne2 {[%clk 0:54:22]} b5 {[%clk 0:46:24]} 16. axb5
{[%clk 0:51:44]} axb5 {[%clk 0:46:05]} 17. Nbd4 {[%clk 0:40:31]} Rb7
{[%clk 0:42:40]} 18. Nc6 {[%clk 0:38:16]} Nb8 {[%clk 0:40:22]} 19. Rd1
{[%clk 0:32:12]} Bg4 {[%clk 0:31:06]} 20. f3 {[%clk 0:21:27]} Bd7
{[%clk 0:30:09]} 21. Nxb8 {[%clk 0:21:10]} Rbxb8 {[%clk 0:29:00]} 22. f4 Bg4
{[%clk 0:25:26]} 23. Re1 {[%clk 0:14:40]} c4 {[%clk 0:20:45]} 24. Kh1
{[%clk 0:12:48]} Qc5 {[%clk 0:16:56]} 25. Bd2 {[%clk 0:09:11]} Bxe2
{[%clk 0:15:13]} 26. Rxe2 Nxd5 {[%clk 0:15:00]} 27. Rae1 {[%clk 0:08:58]} Nb4
{[%clk 0:13:51]} 28. Bxb4 {[%clk 0:08:47]} Qxb4 {[%clk 0:14:19]} 29. e5
{[%clk 0:08:29]} dxe5 {[%clk 0:14:11]} 30. fxe5 {[%clk 0:08:21]} Qc5
{[%clk 0:13:03]} 31. e6 {[%clk 0:04:46]} Rxe6 {[%clk 0:13:16]} 32. Rxe6
{[%clk 0:04:54]} fxe6 {[%clk 0:13:42]} 33. Rxe6 {[%clk 0:04:25]} Rf8
{[%clk 0:13:30]} 34. Re2 {[%clk 0:02:58]} b4 {[%clk 0:09:47]} 35. Qd1
{[%clk 0:01:35]} Kh8 {[%clk 0:09:28]} 36. Qd7 {[%clk 0:00:48]} Qg5
{[%clk 0:05:32]} 37. Qd1 {[%clk 0:00:33]} c3 {[%clk 0:03:36]} 38. bxc3
{[%clk 0:01:00]} bxc3 {[%clk 0:04:01]} 39. Qe1 {[%clk 0:01:11]} Qb5
{[%clk 0:03:55]} 40. Qd1 {[%clk 0:30:36]} Qc5 {[%clk 0:33:11]} 41. Qc2
{[%clk 0:23:37]} Bh6 {[%clk 0:29:02]} 42. Qb1 {[%clk 0:15:13]} Qd4
{[%clk 0:27:07]} 43. Re7 {[%clk 0:10:11]} c2 {[%clk 0:25:41]} 0-1

[Event "EYTCC-G"]
[Site "?"]
[Date "2017.08.19"]
[Round "3.7"]
[White "Sliwicka, Alicja"]
[Black "Erseki, Tamara"]
[Result "1-0"]
[BlackElo "2119"]
[WhiteElo "2204"]
[LiveChessVersion "1.4.6"]

1. e4 {[%clk 1:30:57]} c5 {[%clk 1:30:53]} 2. Nf3 {[%clk 1:31:19]} Nc6
{[%clk 1:30:49]} 3. d4 {[%clk 1:31:42]} cxd4 {[%clk 1:31:15]} 4. Nxd4
{[%clk 1:32:07]} g6 {[%clk 1:30:33]} 5. c4 {[%clk 1:32:28]} Nf6 {[%clk 1:29:57]}
6. Nc3 {[%clk 1:32:50]} d6 {[%clk 1:30:22]} 7. f3 {[%clk 1:32:54]} Nxd4
{[%clk 1:30:12]} 8. Qxd4 {[%clk 1:33:16]} Bg7 {[%clk 1:30:13]} 9. Be3
{[%clk 1:33:34]} O-O {[%clk 1:30:27]} 10. Qd2 {[%clk 1:34:00]} Be6
{[%clk 1:30:05]} 11. Be2 {[%clk 1:32:20]} Qa5 {[%clk 1:29:20]} 12. Rc1
{[%clk 1:30:52]} Rfc8 {[%clk 1:28:13]} 13. b3 {[%clk 1:27:31]} a6
{[%clk 1:24:37]} 14. Nd5 {[%clk 1:26:58]} Qxd2+ {[%clk 1:24:49]} 15. Kxd2
{[%clk 1:27:15]} Bxd5 {[%clk 1:25:10]} 16. cxd5 {[%clk 1:25:03]} Nd7
{[%clk 1:23:50]} 17. Rxc8+ {[%clk 1:16:08]} Rxc8 {[%clk 1:24:13]} 18. Rc1
{[%clk 1:16:30]} Rxc1 {[%clk 1:24:21]} 19. Kxc1 {[%clk 1:16:56]} Nc5
{[%clk 1:19:49]} 20. Kc2 {[%clk 1:05:42]} Kf8 {[%clk 1:09:05]} 21. b4
{[%clk 1:04:22]} Nd7 {[%clk 1:02:46]} 22. a4 {[%clk 0:58:44]} Ke8
{[%clk 0:56:05]} 23. g4 {[%clk 0:54:13]} e6 {[%clk 0:50:04]} 24. dxe6
{[%clk 0:52:49]} fxe6 {[%clk 0:50:29]} 25. f4 {[%clk 0:49:40]} Nf6
{[%clk 0:40:21]} 26. Kd3 {[%clk 0:46:58]} d5 {[%clk 0:28:37]} 27. e5
{[%clk 0:32:06]} Nd7 {[%clk 0:28:47]} 28. h4 {[%clk 0:31:20]} h6 {[%clk 0:24:38]}
29. g5 {[%clk 0:31:34]} hxg5 {[%clk 0:24:31]} 30. hxg5 {[%clk 0:31:59]} Bf8
{[%clk 0:23:15]} 31. Kc3 {[%clk 0:32:04]} Kf7 {[%clk 0:21:29]} 32. Kb3
{[%clk 0:30:49]} Be7 {[%clk 0:19:08]} 33. a5 {[%clk 0:29:31]} Nb8
{[%clk 0:09:33]} 34. Ka4 {[%clk 0:25:22]} Bd8 {[%clk 0:05:48]} 35. b5
{[%clk 0:19:03]} axb5+ {[%clk 0:05:35]} 36. Kxb5 {[%clk 0:19:17]} Na6
{[%clk 0:04:50]} 37. Bd3 {[%clk 0:15:53]} Kg7 {[%clk 0:02:08]} 38. Bc1
{[%clk 0:14:35]} Kf7 {[%clk 0:01:18]} 39. Ba3 {[%clk 0:14:08]} Bc7
{[%clk 0:00:44]} 40. Bd6 {[%clk 0:42:17]} Bd8 {[%clk 0:31:08]} 41. Be2
{[%clk 0:39:09]} Nc7+ {[%clk 0:20:25]} 42. Ka4 {[%clk 0:36:51]} Na6
{[%clk 0:18:45]} 43. Bb5 {[%clk 0:32:53]} Be7 {[%clk 0:09:32]} 44. Bxe7
{[%clk 0:32:04]} Kxe7 {[%clk 0:09:58]} 45. Be2 {[%clk 0:31:55]} Nb8
{[%clk 0:09:09]} 46. Bd3 {[%clk 0:31:19]} Kf7 {[%clk 0:08:42]} 47. Kb5
{[%clk 0:31:05]} Nd7 {[%clk 0:08:31]} 48. Bc2 {[%clk 0:31:05]} Kg7
{[%clk 0:07:36]} 49. Ba4 {[%clk 0:30:19]} Kf7 {[%clk 0:08:02]} 50. Kb4
{[%clk 0:30:26]} Ke7 {[%clk 0:07:19]} 51. Bc2 {[%clk 0:30:03]} Kf7
{[%clk 0:07:44]} 52. Bd3 {[%clk 0:30:21]} Nf8 {[%clk 0:03:17]} 53. Kc5
{[%clk 0:30:21]} Ke7 {[%clk 0:02:48]} 54. Kb6 {[%clk 0:29:50]} Nd7+
{[%clk 0:03:10]} 55. Kc7 {[%clk 0:26:10]} Nc5 {[%clk 0:02:08]} 56. Bxg6
{[%clk 0:24:45]} Nb3 {[%clk 0:02:35]} 57. Kb6 {[%clk 0:25:00]} Kf8
{[%clk 0:02:24]} 58. Bc2 {[%clk 0:25:08]} Nd4 {[%clk 0:02:40]} 59. Bd1
{[%clk 0:25:18]} Nc6 {[%clk 0:02:59]} 60. a6 {[%clk 0:25:36]} 1-0

[Event "EYTCC-G"]
[Site "?"]
[Date "2017.08.19"]
[Round "3.8"]
[White "Kassay, Lilla"]
[Black "Antolak, Julia"]
[Result "0-1"]
[BlackElo "2204"]
[WhiteElo "2011"]
[LiveChessVersion "1.4.6"]

1. e4 {[%clk 1:30:54]} c5 {[%clk 1:30:46]} 2. Nf3 {[%clk 1:31:14]} Nc6
{[%clk 1:31:12]} 3. d4 {[%clk 1:31:38]} cxd4 {[%clk 1:31:37]} 4. Nxd4
{[%clk 1:32:02]} g6 {[%clk 1:32:04]} 5. Nc3 {[%clk 1:32:08]} Bg7 {[%clk 1:32:27]}
6. Be3 {[%clk 1:32:31]} Nf6 {[%clk 1:32:49]} 7. Bc4 {[%clk 1:32:48]} O-O
{[%clk 1:33:12]} 8. Bb3 {[%clk 1:33:13]} Re8 {[%clk 1:33:28]} 9. O-O
{[%clk 1:33:03]} d6 {[%clk 1:32:34]} 10. h3 {[%clk 1:32:53]} Na5 {[%clk 1:32:08]}
11. f4 {[%clk 1:28:35]} Nxb3 {[%clk 1:26:58]} 12. axb3 {[%clk 1:21:09]} b6
{[%clk 1:20:07]} 13. Qd3 {[%clk 1:06:28]} Bb7 {[%clk 1:17:18]} 14. f5
{[%clk 0:55:25]} Nd7 {[%clk 1:09:18]} 15. fxg6 {[%clk 0:47:09]} hxg6
{[%clk 1:09:21]} 16. Nf3 {[%clk 0:42:52]} Nc5 {[%clk 0:59:35]} 17. Bxc5
{[%clk 0:40:24]} dxc5 {[%clk 0:59:02]} 18. Qc4 {[%clk 0:36:20]} e6
{[%clk 0:55:10]} 19. Rae1 {[%clk 0:30:10]} a6 {[%clk 0:45:56]} 20. Kh1
{[%clk 0:21:58]} Qe7 {[%clk 0:25:21]} 21. e5 {[%clk 0:20:53]} Rad8
{[%clk 0:24:22]} 22. Qf4 {[%clk 0:20:33]} Rd7 {[%clk 0:23:14]} 23. Ne4
{[%clk 0:17:42]} Bxe4 {[%clk 0:21:21]} 24. Rxe4 {[%clk 0:16:35]} Red8
{[%clk 0:21:09]} 25. Qg3 {[%clk 0:10:30]} Rd1 {[%clk 0:19:49]} 26. Ree1
{[%clk 0:09:20]} Rxe1 {[%clk 0:19:21]} 27. Rxe1 {[%clk 0:08:18]} Rd5
{[%clk 0:19:14]} 28. Ng5 {[%clk 0:06:13]} Qc7 {[%clk 0:17:42]} 29. Nf3
{[%clk 0:03:46]} c4 {[%clk 0:17:35]} 30. bxc4 {[%clk 0:03:03]} Qxc4
{[%clk 0:17:55]} 31. Qf2 {[%clk 0:02:39]} Qc5 {[%clk 0:15:18]} 32. Qe2
{[%clk 0:02:53]} b5 {[%clk 0:15:05]} 33. Qe4 {[%clk 0:02:13]} a5 {[%clk 0:12:36]}
34. c3 {[%clk 0:01:50]} a4 {[%clk 0:11:30]} 35. Qf4 {[%clk 0:01:19]} Qf2
{[%clk 0:09:18]} 36. Qb4 {[%clk 0:00:37]} Rd3 {[%clk 0:08:14]} 37. Rg1
{[%clk 0:00:35]} Rxf3 {[%clk 0:07:25]} 38. Qxb5 {[%clk 0:00:34]} Rf5
{[%clk 0:07:21]} 39. Qxa4 {[%clk 0:00:45]} Bxe5 {[%clk 0:07:31]} 40. Qg4
{[%clk 0:30:38]} Qxb2 {[%clk 0:35:26]} 41. Rd1 {[%clk 0:29:37]} Qxc3
{[%clk 0:34:10]} 42. Qh4 {[%clk 0:27:07]} Kg7 {[%clk 0:34:21]} 43. Rg1
{[%clk 0:25:15]} Qg3 {[%clk 0:34:36]} 44. Qxg3 {[%clk 0:25:24]} Bxg3
{[%clk 0:35:00]} 0-1

[Event "EYTCC-G"]
[Site "?"]
[Date "2017.08.19"]
[Round "3.9"]
[White "Pychova, Nela"]
[Black "Arda, Cagil Irmak"]
[Result "1/2-1/2"]
[BlackElo "2124"]
[WhiteElo "2201"]
[LiveChessVersion "1.4.6"]

1. d4 {[%clk 1:30:57]} d6 {[%clk 1:30:26]} 2. c4 {[%clk 1:27:20]} g6
{[%clk 1:30:50]} 3. Nc3 {[%clk 1:27:11]} Bg7 {[%clk 1:31:13]} 4. e4
{[%clk 1:26:12]} Nd7 {[%clk 1:29:24]} 5. g3 {[%clk 1:13:10]} e5 {[%clk 1:29:35]}
6. d5 {[%clk 1:09:27]} Ne7 {[%clk 1:27:02]} 7. Bg2 {[%clk 1:09:19]} O-O
{[%clk 1:26:53]} 8. Nge2 {[%clk 1:08:33]} f5 {[%clk 1:25:08]} 9. O-O
{[%clk 1:06:38]} h6 {[%clk 1:24:15]} 10. exf5 {[%clk 1:00:05]} Nxf5
{[%clk 1:22:59]} 11. Ne4 {[%clk 0:58:30]} Nd4 {[%clk 1:14:29]} 12. Nxd4
{[%clk 0:51:05]} exd4 {[%clk 1:14:53]} 13. f4 {[%clk 0:50:59]} Nc5
{[%clk 1:08:10]} 14. Nxc5 {[%clk 0:43:29]} dxc5 {[%clk 1:08:24]} 15. Be4
{[%clk 0:43:31]} Qf6 {[%clk 1:01:24]} 16. Bd2 {[%clk 0:39:49]} Bf5
{[%clk 1:00:12]} 17. Qf3 {[%clk 0:32:37]} Bxe4 {[%clk 0:55:25]} 18. Qxe4
{[%clk 0:33:02]} Rae8 {[%clk 0:55:46]} 19. Qd3 {[%clk 0:33:13]} Qf5
{[%clk 0:54:51]} 20. Qxf5 {[%clk 0:32:09]} gxf5 {[%clk 0:55:13]} 21. Rae1
{[%clk 0:31:47]} Re4 {[%clk 0:54:36]} 22. Rf3 {[%clk 0:30:07]} Rfe8
{[%clk 0:53:16]} 23. Kf1 {[%clk 0:30:24]} b6 {[%clk 0:50:44]} 24. b3
{[%clk 0:21:37]} Kf7 {[%clk 0:47:04]} 25. Rd3 {[%clk 0:17:13]} h5
{[%clk 0:45:33]} 26. h3 {[%clk 0:11:44]} Bh6 {[%clk 0:42:35]} 27. Rf3
{[%clk 0:09:34]} a6 {[%clk 0:34:33]} 28. Rc1 {[%clk 0:03:55]} Re2
{[%clk 0:30:08]} 29. Rf2 {[%clk 0:04:09]} R2e4 {[%clk 0:28:31]} 30. Rf3
{[%clk 0:03:30]} Ke7 {[%clk 0:26:02]} 31. b4 {[%clk 0:02:12]} Kd7
{[%clk 0:20:23]} 32. bxc5 {[%clk 0:01:28]} bxc5 {[%clk 0:20:48]} 33. Re1
{[%clk 0:01:26]} Rb8 {[%clk 0:17:16]} 34. Rb3 {[%clk 0:01:37]} Rxb3
{[%clk 0:14:42]} 35. axb3 {[%clk 0:02:05]} Rxe1+ {[%clk 0:15:04]} 36. Kxe1
{[%clk 0:02:17]} c6 {[%clk 0:15:27]} 37. dxc6+ {[%clk 0:01:42]} Kxc6
{[%clk 0:15:52]} 38. Ke2 {[%clk 0:01:52]} Kd7 {[%clk 0:12:55]} 39. Kd3
{[%clk 0:01:29]} Bf8 {[%clk 0:12:49]} 40. Ke2 {[%clk 0:31:21]} Ke6
{[%clk 0:41:48]} 41. Kf3 {[%clk 0:27:51]} Kf6 {[%clk 0:41:47]} 42. Ba5
{[%clk 0:28:03]} Be7 {[%clk 0:39:15]} 43. Bc7 {[%clk 0:25:26]} Kf7
{[%clk 0:36:28]} 44. Bb6 {[%clk 0:20:25]} Ke6 {[%clk 0:34:16]} 45. Ba5
{[%clk 0:19:47]} Kf7 {[%clk 0:34:25]} 46. Be1 {[%clk 0:18:53]} Kg6
{[%clk 0:27:56]} 47. Bd2 {[%clk 0:15:53]} Kf7 {[%clk 0:26:44]} 48. Be1
{[%clk 0:15:02]} 1/2-1/2

[Event "EYTCC-G"]
[Site "?"]
[Date "2017.08.19"]
[Round "3.10"]
[White "Caglar, Sila"]
[Black "Kanakova, Natalie"]
[Result "0-1"]
[BlackElo "2176"]
[WhiteElo "2136"]
[LiveChessVersion "1.4.6"]

1. e4 {[%clk 1:30:58]} c5 {[%clk 1:30:55]} 2. Nf3 {[%clk 1:31:17]} Nc6
{[%clk 1:31:20]} 3. d4 {[%clk 1:31:36]} cxd4 {[%clk 1:31:45]} 4. Nxd4
{[%clk 1:32:03]} g6 {[%clk 1:32:08]} 5. c4 {[%clk 1:32:27]} Bg7 {[%clk 1:32:12]}
6. Be3 {[%clk 1:32:50]} Nf6 {[%clk 1:32:34]} 7. Nc3 {[%clk 1:33:12]} O-O
{[%clk 1:32:45]} 8. Be2 {[%clk 1:33:17]} d6 {[%clk 1:32:52]} 9. O-O
{[%clk 1:33:20]} Bd7 {[%clk 1:32:55]} 10. Qd2 {[%clk 1:33:32]} Nxd4
{[%clk 1:33:17]} 11. Bxd4 {[%clk 1:33:50]} Bc6 {[%clk 1:33:40]} 12. f3
{[%clk 1:34:05]} a5 {[%clk 1:33:41]} 13. b3 {[%clk 1:33:03]} Nd7 {[%clk 1:33:48]}
14. Be3 {[%clk 1:33:19]} Nc5 {[%clk 1:33:36]} 15. Rab1 {[%clk 1:32:45]} Qb6
{[%clk 1:32:49]} 16. Rfc1 {[%clk 1:31:26]} Rfc8 {[%clk 1:32:27]} 17. Rc2
{[%clk 1:30:04]} Qd8 {[%clk 1:29:01]} 18. Bf1 {[%clk 1:27:34]} h5
{[%clk 1:27:12]} 19. Ne2 {[%clk 1:15:47]} Kh7 {[%clk 1:22:07]} 20. Nf4
{[%clk 1:12:02]} Bh6 {[%clk 1:14:25]} 21. a3 {[%clk 0:58:32]} e5 {[%clk 0:52:08]}
22. Nd5 {[%clk 0:56:29]} Bxe3+ {[%clk 0:52:00]} 23. Qxe3 {[%clk 0:51:13]} Ne6
{[%clk 0:47:25]} 24. g3 {[%clk 0:44:43]} Nd4 {[%clk 0:44:32]} 25. Rf2
{[%clk 0:43:03]} Bxd5 {[%clk 0:39:29]} 26. exd5 {[%clk 0:42:57]} f5
{[%clk 0:28:28]} 27. f4 {[%clk 0:36:09]} Qc7 {[%clk 0:24:45]} 28. b4
{[%clk 0:26:45]} axb4 {[%clk 0:20:46]} 29. axb4 {[%clk 0:26:08]} b6
{[%clk 0:19:57]} 30. fxe5 {[%clk 0:19:59]} dxe5 {[%clk 0:20:22]} 31. Bg2
{[%clk 0:18:32]} Qd6 {[%clk 0:16:10]} 32. Rc1 {[%clk 0:12:51]} Ra7
{[%clk 0:12:33]} 33. h3 {[%clk 0:02:15]} Rac7 {[%clk 0:07:34]} 34. Bf1
{[%clk 0:01:35]} b5 {[%clk 0:04:34]} 35. Re1 {[%clk 0:00:41]} bxc4
{[%clk 0:04:08]} 36. Bg2 {[%clk 0:00:34]} c3 {[%clk 0:03:33]} 37. Rc1
{[%clk 0:00:46]} c2 {[%clk 0:02:49]} 38. g4 {[%clk 0:00:39]} Rc3 {[%clk 0:01:13]}
39. Qg5 {[%clk 0:01:01]} Rd3 {[%clk 0:01:09]} 40. gxf5 {[%clk 0:30:35]} Rd1+
{[%clk 0:30:57]} 41. Kh2 {[%clk 0:27:55]} e4+ {[%clk 0:27:33]} 42. Rf4
{[%clk 0:27:52]} Rxc1 {[%clk 0:22:47]} 43. fxg6+ {[%clk 0:27:02]} Kg7
{[%clk 0:22:10]} 44. Qg3 {[%clk 0:25:12]} Qxg6 {[%clk 0:21:46]} 45. Qh4
{[%clk 0:22:17]} Nf3+ {[%clk 0:20:13]} 46. Rxf3 {[%clk 0:22:20]} exf3
{[%clk 0:20:31]} 47. Qe7+ {[%clk 0:22:20]} Kg8 {[%clk 0:20:52]} 0-1

[Event "EYTCC-G"]
[Site "?"]
[Date "2017.08.19"]
[Round "3.11"]
[White "Adamczyk, Zuzanna"]
[Black "Gundogan, Sinem Cagla"]
[Result "0-1"]
[BlackElo "2067"]
[WhiteElo "1753"]
[LiveChessVersion "1.4.6"]

1. e4 {[%clk 1:30:54]} e5 {[%clk 1:30:55]} 2. Nf3 {[%clk 1:31:12]} Nc6
{[%clk 1:31:20]} 3. d4 {[%clk 1:31:26]} exd4 {[%clk 1:31:45]} 4. Nxd4
{[%clk 1:31:43]} Bc5 {[%clk 1:32:11]} 5. Be3 {[%clk 1:31:31]} Qf6
{[%clk 1:32:31]} 6. c3 {[%clk 1:31:28]} Nge7 {[%clk 1:32:39]} 7. g3
{[%clk 1:31:09]} h5 {[%clk 1:29:10]} 8. h3 {[%clk 1:22:13]} h4 {[%clk 1:12:07]}
9. g4 {[%clk 1:20:23]} Ng6 {[%clk 1:11:24]} 10. Nf5 {[%clk 1:04:31]} Bxe3
{[%clk 1:10:54]} 11. Nxe3 {[%clk 1:04:47]} Nce5 {[%clk 1:09:42]} 12. Bg2
{[%clk 1:04:10]} Nf4 {[%clk 1:08:58]} 13. O-O {[%clk 1:02:50]} Nxg2
{[%clk 1:06:37]} 14. Kxg2 {[%clk 1:02:02]} O-O {[%clk 0:57:25]} 15. f4
{[%clk 0:59:09]} Ng6 {[%clk 0:53:10]} 16. Qf3 {[%clk 0:58:26]} d6
{[%clk 0:51:42]} 17. Nd2 {[%clk 0:57:24]} c6 {[%clk 0:49:17]} 18. Rae1
{[%clk 0:53:20]} Rd8 {[%clk 0:46:27]} 19. g5 {[%clk 0:48:42]} Qe7
{[%clk 0:45:26]} 20. c4 {[%clk 0:46:36]} d5 {[%clk 0:36:06]} 21. cxd5
{[%clk 0:42:07]} Qb4 {[%clk 0:36:22]} 22. Nb3 {[%clk 0:40:50]} Re8
{[%clk 0:34:44]} 23. Nc2 {[%clk 0:38:51]} Qc4 {[%clk 0:28:25]} 24. Ncd4
{[%clk 0:32:27]} cxd5 {[%clk 0:27:31]} 25. exd5 {[%clk 0:31:37]} Bd7
{[%clk 0:26:31]} 26. Rc1 {[%clk 0:28:53]} Qb4 {[%clk 0:26:43]} 27. Rc3
{[%clk 0:26:12]} Rad8 {[%clk 0:25:36]} 28. Nc2 {[%clk 0:15:52]} Qd6
{[%clk 0:25:56]} 29. Ne3 {[%clk 0:16:01]} Bb5 {[%clk 0:22:30]} 30. Rf2
{[%clk 0:15:55]} Qb6 {[%clk 0:19:16]} 31. Rd2 {[%clk 0:13:44]} Re7
{[%clk 0:17:32]} 32. Nc4 {[%clk 0:09:54]} Bxc4 {[%clk 0:17:08]} 33. Rxc4
{[%clk 0:10:07]} Re3 {[%clk 0:13:27]} 34. Qf1 {[%clk 0:07:25]} Rg3+
{[%clk 0:10:18]} 35. Kh2 {[%clk 0:07:41]} Ne7 {[%clk 0:06:30]} 36. Rc3
{[%clk 0:04:40]} Rxc3 {[%clk 0:06:09]} 37. bxc3 {[%clk 0:05:02]} Rxd5
{[%clk 0:04:03]} 38. Nd4 {[%clk 0:04:23]} Qc7 {[%clk 0:02:43]} 39. Qf3
{[%clk 0:03:25]} Rxg5 {[%clk 0:02:43]} 40. Re2 {[%clk 0:31:14]} Rg3
{[%clk 0:32:00]} 41. Qe4 {[%clk 0:31:16]} Qxc3 {[%clk 0:29:39]} 42. Nb5
{[%clk 0:19:36]} Rxh3+ {[%clk 0:28:52]} 43. Kg2 {[%clk 0:19:40]} Rg3+
{[%clk 0:28:59]} 44. Kh2 {[%clk 0:19:51]} Qa1 {[%clk 0:27:58]} 45. Re1
{[%clk 0:18:08]} Qxa2+ {[%clk 0:28:16]} 46. Re2 {[%clk 0:18:34]} Qa1
{[%clk 0:28:36]} 47. Re1 {[%clk 0:18:56]} Qb2+ {[%clk 0:28:57]} 48. Re2
{[%clk 0:19:17]} Qc1 {[%clk 0:28:48]} 49. Re1 {[%clk 0:18:56]} Qd2+
{[%clk 0:28:57]} 50. Re2 {[%clk 0:19:05]} Qd1 {[%clk 0:28:37]} 51. Re1
{[%clk 0:19:16]} Qg4 {[%clk 0:28:59]} 0-1

[Event "EYTCC-G"]
[Site "?"]
[Date "2017.08.19"]
[Round "3.12"]
[White "Ozbay, Ece"]
[Black "Buchta, Agnieszka"]
[Result "1-0"]
[BlackElo "1720"]
[WhiteElo "1966"]
[LiveChessVersion "1.4.6"]

1. e4 {[%clk 1:30:54]} c5 {[%clk 1:30:55]} 2. Nf3 {[%clk 1:31:18]} e6
{[%clk 1:31:19]} 3. d4 {[%clk 1:31:39]} cxd4 {[%clk 1:31:42]} 4. Nxd4
{[%clk 1:32:07]} Qb6 {[%clk 1:32:03]} 5. Nb3 {[%clk 1:25:46]} Qc7
{[%clk 1:32:20]} 6. Nc3 {[%clk 1:23:22]} a6 {[%clk 1:32:32]} 7. a4
{[%clk 1:22:53]} b6 {[%clk 1:30:46]} 8. Be3 {[%clk 1:15:20]} d6 {[%clk 1:25:33]}
9. Qd4 {[%clk 1:03:43]} Nd7 {[%clk 1:24:01]} 10. a5 {[%clk 1:01:11]} b5
{[%clk 1:21:26]} 11. Be2 {[%clk 0:55:52]} Ngf6 {[%clk 1:18:21]} 12. O-O
{[%clk 0:56:00]} Bb7 {[%clk 1:17:17]} 13. f3 {[%clk 0:46:43]} Be7
{[%clk 1:15:44]} 14. Rfc1 {[%clk 0:39:07]} O-O {[%clk 1:13:46]} 15. Nd2
{[%clk 0:34:35]} e5 {[%clk 1:01:45]} 16. Qb4 {[%clk 0:34:09]} Rfe8
{[%clk 0:57:47]} 17. Qb3 {[%clk 0:33:58]} Nc5 {[%clk 0:54:01]} 18. Qa2
{[%clk 0:33:18]} Rad8 {[%clk 0:50:00]} 19. b4 {[%clk 0:32:34]} Ncd7
{[%clk 0:50:06]} 20. Nd5 {[%clk 0:32:38]} Nxd5 {[%clk 0:37:24]} 21. exd5
{[%clk 0:33:04]} Qc3 {[%clk 0:37:31]} 22. Kf2 {[%clk 0:31:33]} Nf6
{[%clk 0:27:12]} 23. Nb1 {[%clk 0:22:10]} Qc8 {[%clk 0:17:27]} 24. c4
{[%clk 0:21:39]} bxc4 {[%clk 0:17:45]} 25. Bxc4 {[%clk 0:21:37]} Qa8
{[%clk 0:17:41]} 26. Nc3 {[%clk 0:21:27]} Rc8 {[%clk 0:15:33]} 27. b5
{[%clk 0:20:18]} Nd7 {[%clk 0:12:29]} 28. Qe2 {[%clk 0:17:06]} Nb8
{[%clk 0:08:40]} 29. Rab1 {[%clk 0:14:33]} axb5 {[%clk 0:07:32]} 30. Bxb5
{[%clk 0:14:08]} Ba6 {[%clk 0:07:10]} 31. Na4 {[%clk 0:12:15]} Bxb5
{[%clk 0:05:06]} 32. Rxc8 {[%clk 0:11:20]} Rxc8 {[%clk 0:05:08]} 33. Qxb5
{[%clk 0:11:45]} Qa6 {[%clk 0:04:22]} 34. Qxa6 {[%clk 0:04:28]} Nxa6
{[%clk 0:04:50]} 35. Rb7 {[%clk 0:04:40]} Bd8 {[%clk 0:01:27]} 36. Nb6
{[%clk 0:04:22]} Bxb6 {[%clk 0:00:48]} 37. axb6 {[%clk 0:04:23]} Rb8
{[%clk 0:00:42]} 38. Rxb8+ {[%clk 0:04:28]} Nxb8 {[%clk 0:01:10]} 39. b7
{[%clk 0:04:56]} Nd7 {[%clk 0:00:37]} 40. Ba7 {[%clk 0:35:22]} Kf8
{[%clk 0:30:34]} 41. b8=Q+ {[%clk 0:35:44]} Nxb8 {[%clk 0:30:56]} 42. Bxb8
{[%clk 0:36:12]} 1-0

[Event "EYTCC-G"]
[Site "?"]
[Date "2017.08.19"]
[Round "3.13"]
[White "Schneider, Jana"]
[Black "Olechnicka, Karolina"]
[Result "1/2-1/2"]
[BlackElo "1938"]
[WhiteElo "2275"]
[LiveChessVersion "1.4.6"]

1. e4 {[%clk 1:30:56]} c5 {[%clk 1:30:55]} 2. Nf3 {[%clk 1:31:18]} d6
{[%clk 1:31:17]} 3. Bb5+ {[%clk 1:31:40]} Bd7 {[%clk 1:31:41]} 4. Bxd7+
{[%clk 1:32:05]} Qxd7 {[%clk 1:32:06]} 5. O-O {[%clk 1:32:23]} Nc6
{[%clk 1:32:10]} 6. c3 {[%clk 1:32:30]} g6 {[%clk 1:30:15]} 7. d4
{[%clk 1:32:24]} cxd4 {[%clk 1:29:34]} 8. cxd4 {[%clk 1:32:44]} Bg7
{[%clk 1:29:33]} 9. Nc3 {[%clk 1:32:28]} Nf6 {[%clk 1:28:11]} 10. Qe2
{[%clk 1:30:14]} O-O {[%clk 1:23:26]} 11. Bg5 {[%clk 1:29:37]} h6
{[%clk 1:18:43]} 12. Bd2 {[%clk 1:29:09]} Rac8 {[%clk 1:16:49]} 13. Rac1
{[%clk 1:27:47]} g5 {[%clk 1:06:20]} 14. h3 {[%clk 1:17:46]} e6 {[%clk 0:52:32]}
15. a3 {[%clk 1:03:16]} Na5 {[%clk 0:42:06]} 16. Nb5 {[%clk 0:51:12]} Nb3
{[%clk 0:39:04]} 17. Rxc8 {[%clk 0:49:57]} Rxc8 {[%clk 0:39:17]} 18. Bb4
{[%clk 0:34:06]} Nxe4 {[%clk 0:38:42]} 19. Nxa7 {[%clk 0:31:14]} Ra8
{[%clk 0:38:19]} 20. Qxe4 {[%clk 0:30:09]} Rxa7 {[%clk 0:38:21]} 21. d5
{[%clk 0:22:54]} b6 {[%clk 0:30:38]} 22. dxe6 {[%clk 0:19:08]} fxe6
{[%clk 0:28:43]} 23. Qe3 {[%clk 0:10:45]} Nc5 {[%clk 0:28:18]} 24. Nd4
{[%clk 0:11:02]} Ra8 {[%clk 0:18:55]} 25. Rd1 {[%clk 0:10:40]} Re8
{[%clk 0:14:15]} 26. Qd2 {[%clk 0:10:04]} d5 {[%clk 0:09:17]} 27. Nf3
{[%clk 0:09:34]} Rd8 28. Re1 Re8 29. Ne5 Qc7 {[%clk 0:04:01]} 30. Qe3
{[%clk 0:04:41]} Bxe5 {[%clk 0:03:52]} 31. Qxe5 {[%clk 0:04:47]} Qxe5
{[%clk 0:04:14]} 32. Rxe5 {[%clk 0:05:13]} Nd3 {[%clk 0:04:37]} 33. Re2
{[%clk 0:05:04]} Nxb4 {[%clk 0:05:00]} 34. axb4 {[%clk 0:05:30]} Kf7
{[%clk 0:04:21]} 35. Rc2 {[%clk 0:05:33]} e5 {[%clk 0:03:58]} 36. Kf1 Re6 37.
Rc7+ Kf6 38. Rd7 d4 39. Ke2 Rc6 40. Kd3 Ke6 41. Rb7 Kd5 42. f3 Rd6 43. Re7 Re6
44. Rc7 Kd6 45. Rc8 Kd7 46. Rc1 Rc6 47. Ra1 Ke6 48. Ra8 Kf5 49. g3 Ke6 50. Ke4
Rd6 51. Ra3 Rd5 52. Kd3 Kd6 53. Ra8 Ke7 54. Rb8 Rd6 55. Rh8 Re6 56. Ke4 Kd7 57.
b5 Kc7 58. Ra8 Re7 59. Rh8 Re6 60. Ra8 Kd6 61. Rc8 Ke7 62. Rh8 Rd6 63. Rh7+ Kf8
64. Kd3 Kg8 65. Rb7 h5 66. b4 Kh8 67. Ra7 Rd5 68. Kc4 Rd8 69. Kd3 Rc8 70. Rb7
Rc3+ 71. Ke2 g4 72. hxg4 hxg4 73. fxg4 Rxg3 74. Rxb6 d3+ 75. Kd2 e4 76. Rd6 Rxg4
77. Ke3 Rg5 78. b6 Rb5 79. Kxe4 d2 80. Ke3 d1=Q 81. Rxd1 Rxb4 82. Rd6 Kg7 83. Kd3
Kf7 84. Kc3 Rb1 85. Kc4 Ke7 86. Rh6 Kd7 87. Kc5 Kc8 88. Rh8+ Kb7 89. Rh7+ Kb8 90.
Rh5 Kb7 91. Rh7+ Kb8 92. Rh6 Kb7 93. Rg6 Kb8 94. Kd4 1/2-1/2